00246pam a2200121 a 4500020000500000041000500005082001800010100002300028245002500051250001000076260002300086300001500109 c h a778.5343bTHR aR. Hicks/ Schultz. aProliting Food Shots a1994. aPune:bRotovision. aPaperback.